Statistics for Name that Object #1

Click here to take the quiz!

General Stats

  • This quiz has been taken 88,933 times
    (22,229 since last reset)
  • The average score is 14 of 20

Answer Stats

Answer% Correct
Rubik's Cube
96%
Compass
94%
{Maple} Leaf
93%
Cork
90%
Stethoscope
88%
Shuttlecock
82%
Safety Pin
80%
Megaphone
80%
Gargoyle
78%
{Martini} Glass
75%
Box Cutter
72%
Joystick
71%
Abacus
70%
Brass Knuckles
69%
Nunchaku
68%
Garlic Press
57%
Tuning Fork
56%
Carabiner
43%
Sawhorse
40%
Pommel Horse
39%

Score Distribution

Percentile by Number Answered

Percent of People with Each Score

Your Score History

You have not taken this quiz since the last reset